000
00321nam a22001337a 4500
999
_c
13735
_d
13735
020
_a
9781260147704
082
_a
150
100
_a
Feldman, Robert S.
245
_a
Essentials of Understanding Psychology
250
_a
12e
260
_a
New York
_b
McGraw Hill Education
_c
2017
300
_a
xxxvi, 532 pages
942
_c
BK